000 00288nam a22001337a 4500
008 190204b xxu||||| |||| 00| 0 eng d
020 _a0030177962
041 _aeng
080 _a371
100 _a25
101 _aEDU
245 _aHandbook for Writers
_cMillward. C
942 _2udc
_cBK
999 _c53938
_d53938